DC- Bat Family's Rogues Gallery - Statistics

General Stats
  • This quiz has been taken 147 times
  • The average score is 25 of 38
Answer Stats
Answer % Correct
The Joker
100%
Bane
96%
Pamela Isley/Poison Ivy
94%
Harleen Quinzel/Harley Quinn
91%
Oswald Cobblepot/The Penguin
91%
Edward Nygma/The Riddler
90%
Harvey Dent/Two Face
89%
Jonathan Crane/Scarecrow
89%
Victor Fries/Mr. Freeze
88%
Selina Kyle/Catwoman
87%
Waylon Jones/Killer Croc
82%
Basil Karlo/Clayface
81%
Johnny Williams/Clayface
81%
Matt Hagen/Clayface
81%
Preston Payne/Clayface
81%
Todd Russell/Clayface
81%
Ra's Al Ghul
77%
Floyd Lawton/Deadshot
71%
Kirk Langstrom/Man-Bat
71%
Slade Wilson/Deathstroke
70%
Jeremiah Arkham/Black Mask
66%
Roman Sionis/Black Mask
65%
Jarvis Tetch/Mad Hatter
64%
Garfield Lynns/Firefly
62%
Ted Carson/Firefly
62%
Thomas Eliot/Hush
59%
Hugo Strange
55%
Cyrus Gold/Solomon Grundy
52%
Drury Walker/Killer Moth
51%
Arnold Wesker/Ventriloquist
46%
Peyton Riley/Ventriloquist
46%
Shuana Belzer/Ventriloquist
46%
Julian Day/Calendar Man
40%
Victor Zsasz
39%
Arthur Brown/Cluemaster
27%
Cassius Payne/Claything
4%
Peter Malley/Claything
3%
Sondra Fuller/Lady Clay
3%
No matching quizzes found
Score Distribution
Percent of People with Each Score
Percentile by Number Answered
Your Score History
You have not taken this quiz